000 00461nam a22001577a 4500
003 macl
005 20201117160917.0
008 201117b xxu||||| |||| 00| 0 eng d
040 _cmacl
082 _a891.433/N/KUN
100 _aकुंदन , संजय
_980542
245 _aतीन ताल
260 _aदिल्‍ली
_bकिताबघर प्रकाशन
_c2017
650 _aउपन्‍यास
_980543
942 _2ddc
_cHIN
999 _c63879
_d63879